010070000a22001810004500020001800000082002000018100002400038245011000062260003800172300001800210501001500228505044500243650004300688001000600731336002700737337003300764338002800797 a0-631-16380-804aG 284.0943 G87o1 aGutteridge, Richard10aOpen thy mouth for the dumb! : The German evangelical church and the Jews, 1879-1950 / Richard Gutteridge aOxford, England : Basil Blackwell a374 páginas aPasta dura00aLa iglesia alemana evangélica y los judíos - Las raíces de antisemitismo 'cristiano', 1879-1918 - El sentimiento anti-judío en la época de Weimar - Hitler, la iglesia y los judíos, enero-abril 1933 - La cláusula aria, 1933-1935 - Las leyes de Nuremberg y su efecto sobre la iglesia evangélica, 1935-1938 - El pogrom de noviembre 1938, sus secuelas, y ayuda para los afligidos, 1938-1941 - 'La última solución', 1941-194514aPersecuciones a los judíos \ Nazismo19151 atextobtxt2rdacontent 2rdamediaasin mediaciónbn 2rdacarrieravolumenbnc